| 000 | 00711cam a2200217 a 4500 | ||
|---|---|---|---|
| 001 | 4521091 | ||
| 005 | 20250617102039.0 | ||
| 008 | 990209s1999 tnu 000 0aeng | ||
| 020 | _a0785242252 | ||
| 041 | 1 |
_aeng _hlat |
|
| 050 | 0 | 0 |
_aBR65.A6 _bE5 1999 |
| 082 | 0 | 0 |
_a270.2/092 _aB _221 |
| 100 | 0 |
_aAugustine, _cof Hippo, Saint, _d354-430. |
|
| 245 | 1 | 0 |
_aConfessions / _cSaint Augustine. |
| 260 |
_aNashville, TN : _bT. Nelson, _cc1999. |
||
| 300 |
_axxvi, 357 p. ; _c24 cm. |
||
| 440 | 0 | _aNelson's royal classics | |
| 650 | 0 |
_aChristian saints _zAlgeria _zHippo (Extinct city) _vBiography. |
|
| 856 | 4 | 2 |
_3Publisher description _uhttp://www.loc.gov/catdir/enhancements/fy0609/99018903-d.html |
| 942 |
_2lcc _cBK _n0 |
||
| 999 |
_c6533 _d6533 |
||